Part: Physics For Science and Engineering (Record no. 33357)

MARC details
000 -LEADER
fixed length control field 00455nam a2200181Ia 4500
020 ## - INTERNATIONAL STANDARD BOOK NUMBER
ISBN 0-03-049491-5
050 ## - CALL MARK
Classification number QC212.M3643/
100 ## - STATEMENT OF RESPONSIBILITY--MAIN AUTHOR NAME
Personal name Jerry B. Marion
245 #0 - TITLE STATEMENT
Title Part: Physics For Science and Engineering
260 ## - PUBLICATION, DISTRIBUTION, ETC. (IMPRINT)
Place of publication Chicago
260 ## - PUBLICATION, DISTRIBUTION, ETC. (IMPRINT)
Name of publisher Sauders College Publishing
260 ## - PUBLICATION, DISTRIBUTION, ETC. (IMPRINT)
Year of publication 1982
300 ## - PHYSICAL DESCRIPTION
Number of Pages 1274 p
650 ## - SUBJECT ADDED ENTRY--TOPICAL TERM
Topical Term Current and Resistance
942 ## - ADDED ENTRY ELEMENTS (KOHA)
Koha item type Books
Holdings
Withdrawn status Lost status Source of classification or shelving scheme Damaged status Not for loan Permanent Location Current Location Date acquired Accession Number Price effective from Koha item type
    Library of Congress Classification     NILE UNIVERSITY OF NIGERIA - MAIN LIBRARY NILE UNIVERSITY OF NIGERIA - MAIN LIBRARY 04/23/2025 0008155 04/23/2025 Books